Intro stats / (Record no. 14099)
[ view plain ]
| 000 -LEADER | |
|---|---|
| fixed length control field | 00576nam a22001817a 4500 |
| 008 - FIXED-LENGTH DATA ELEMENTS--GENERAL INFORMATION | |
| fixed length control field | 160927b xxu||||| |||| 00| 0 eng d |
| 020 ## - INTERNATIONAL STANDARD BOOK NUMBER | |
| International Standard Book Number | 9780321699121 |
| 020 ## - INTERNATIONAL STANDARD BOOK NUMBER | |
| International Standard Book Number | 0321699122 |
| 050 ## - LIBRARY OF CONGRESS CALL NUMBER | |
| Classification number | QA 276.12 |
| Item number | .D4 2012 |
| 100 ## - MAIN ENTRY--PERSONAL NAME | |
| Personal name | De veaux, Richard D. |
| 245 ## - TITLE STATEMENT | |
| Title | Intro stats / |
| 250 ## - EDITION STATEMENT | |
| Edition statement | 3rd ed., |
| Remainder of edition statement | Technology update |
| 260 ## - PUBLICATION, DISTRIBUTION, ETC. (IMPRINT) | |
| Place of publication, distribution, etc. | Boston : |
| Name of publisher, distributor, etc. | Pearson Addison-Wesley, |
| Date of publication, distribution, etc. | ©2012. |
| 300 ## - PHYSICAL DESCRIPTION | |
| Extent | 767, [63] p. : |
| Other physical details | ill. (some color) ; |
| Dimensions | 29 cm |
| Accompanying material | + 2 DVD-ROMs (4 3/4 in.) |
| 500 ## - GENERAL NOTE | |
| General note | Revised edition of: Intro stats. 3rd ed. c2009.<br/>Includes index. |
| 650 ## - SUBJECT ADDED ENTRY--TOPICAL TERM | |
| Topical term or geographic name as entry element | Statistics |
| General subdivision | textbooks. |
| 700 ## - ADDED ENTRY--PERSONAL NAME | |
| Personal name | Velleman, Paul F. |
| 700 ## - ADDED ENTRY--PERSONAL NAME | |
| Personal name | Bock, David E. |
| 942 ## - ADDED ENTRY ELEMENTS (KOHA) | |
| Source of classification or shelving scheme | |
| Koha item type | Hard Covered Materials |
| Classification part | QA 276.12 .D4 2012 |
| Withdrawn status | Lost status | Source of classification or shelving scheme | Damaged status | Not for loan | Home library | Current library | Shelving location | Date acquired | Source of acquisition | Total Checkouts | Full call number | Barcode | Date last seen | Price effective from | Koha item type |
|---|---|---|---|---|---|---|---|---|---|---|---|---|---|---|---|
| MACHAKOS UNIVERSITY LIBRARY | MACHAKOS UNIVERSITY LIBRARY | Open shelf | 27/09/2016 | Donation(BFA) | QA 276.12 .D4 2012 | 26041 | 03/10/2018 | 27/09/2016 | Hard Covered Materials |